000 00388nam a22001697a 4500
003 MPLRDC
005 20220104143225.0
008 210129b ||||| |||| 00| 0 eng d
082 _a803.92 LHW
100 _a林焕文编
245 _a马来语课程
_c
250 _a初版
260 _a
_b上海书局有限公司
_c1961
300 _b
650 _a
942 _cBK
_o803.92 LHW
999 _c37810
_d37800